| Поле | Инд. | ПП | Название | Значение |
|---|---|---|---|---|
| Тип записи | a | |||
| Библиографический уровень | b | |||
| 001 | Контрольный номер | RU/IS/BASE/505997025 | ||
| 005 | Дата корректировки | 20210204173801.3 | ||
| 008 | Кодируемые данные | 20160113 | ||
| 040 | b | Код языка каталог. | rus | |
| e | Правила каталог. | PSBO | ||
| 041 | 0_ | a | Код языка текста | rus |
| 084 | a | Индекс другой классификации/Индекс ББК | 87.3(5Япо)4; 86.35-3 | |
| 100 | 1_ | a | Автор | Догэн |
| 245 | 10 | a | Заглавие | Не делай никакого зла (Сёаку макуса) |
| c | Ответственность | примечания, перевод Н. Н. Трубниковой | ||
| 504 | a | Библиография | Библиогр. - Примеч.: с. 178 - 183 | |
| 650 | 14 | a | Основная рубрика | буддизм |
| a | Основная рубрика | история философии | ||
| a | Основная рубрика | религиоведение | ||
| a | Основная рубрика | религия | ||
| a | Основная рубрика | философия | ||
| 653 | 1_ | a | Ключевые слова | XIII век |
| a | Ключевые слова | благо | ||
| a | Ключевые слова | Дзэн | ||
| a | Ключевые слова | дзэн-буддизм | ||
| a | Ключевые слова | заповеди | ||
| a | Ключевые слова | зло | ||
| a | Ключевые слова | история религии | ||
| a | Ключевые слова | средние века | ||
| a | Ключевые слова | Япония | ||
| 700 | a | Автор | Трубникова Н. Н. | |
| e | Роль лиц | автор примечаний; переводчик | ||
| q | Полное имя | Трубникова Надежда Николаевна | ||
| 773 | 08 | t | Заглавие источника | Вопросы философии |
| d | Дата издания источника | 2015 | ||
| g | Прочая информация | № 7. - С. 173 - 183 | ||
| w | Контрольный № источника | RU/IS/BASE/492608975 | ||
| 901 | t | Тип документа | b |